| 000 | 01081nas a2200325 4500 | ||
|---|---|---|---|
| 001 | BR2013007962 | ||
| 003 | BR-BrBNA | ||
| 005 | 20231205123033.0 | ||
| 007 | ta | ||
| 008 | 230509b bl.|||p| |||| 00| 00por d | ||
| 040 |
_aBR-BrBNA _bpor _cBiblioteca Nacional de Agricultura |
||
| 041 | _a(Pt) | ||
| 072 | _aL02 | ||
| 100 | 1 | _aSantana, A. dos S. | |
| 100 | 1 | _aOliveira, R.S. de | |
| 100 | 1 | _aRomão, R.L. | |
| 100 | 1 | _aBrasileiro, B.P. | |
| 100 | 1 | _aGenerozo, D.B. | |
| 245 | 1 | _aDivergência genética entre acessos de Stylosanthes Sw. (Fabaceae)coletados no Semiárido Baiano | |
| 246 | 1 | _aGenetic divergence among Stylosanthes Sw. (Fabaceae)accessions collected in the semiarid region of Bahia | |
| 650 | _aSTILOSANTE | ||
| 650 | _aLEGUMINOSA FORRAGEIRA | ||
| 650 | _aVARIEDADE | ||
| 650 | _aVALOR NUTRITIVO | ||
| 650 | _aPRODUÇÃO ANIMAL | ||
| 773 | 0 |
_tMagistra (Brazil) _xISSN 2236-4420 _g(Oct-Dec 2012), v. 24(4) p. 304-313 _wBR2013007962 |
|
| 856 | 4 | 0 | _dLink DSPACE/MAPA BR2013007962 |
| 909 |
_a202311 _bLúcia _c55 _dLúcia Elande |
||
| 942 |
_2AGRIS _n0 _cANA |
||
| 999 |
_c231887 _d231887 |
||